00358nam a2200121Ia 4500008004100000020001500041041001200056100001700068245009200085260003300177300000800210650001800218221030s9999 xx 000 0 und d a8126541881 aEnglish aC. Vercellis 0aBusiness Intelligence : Data Mining & Optimization for Decision Makingcby C. Vercellis bWilley Pub.aNew Delhic2013 a417 aMBA Computers